LEADER 04816 am 2201141 n 450 001 9910310642203321 005 20190107 010 $a979-1-03-510259-3 024 7 $a10.4000/books.psorbonne.17811 035 $a(CKB)4100000007656883 035 $a(FrMaCLE)OB-psorbonne-17811 035 $a(oapen)https://directory.doabooks.org/handle/20.500.12854/52388 035 $a(PPN)26796935X 035 $a(EXLCZ)994100000007656883 100 $a20190218j|||||||| ||| 0 101 0 $afre 135 $auu||||||m|||| 181 $ctxt$2rdacontent 182 $cc$2rdamedia 183 $acr$2rdacarrier 200 12$aL?idée de révolution : quelle place lui faire au XXIe siècle ? /$fOlivier Bloch 210 $aParis $cÉditions de la Sorbonne$d2019 215 $a1 online resource (432 p.) 311 $a2-85944-586-2 330 $aLa marche des idées accompagne celle du monde, tantôt la suit, tantôt la précède. La fin du « court » xxe siècle (1914-1991) fut celle de trois siècles marqués par l?idée de révolution, des espoirs qu?elle suscitait, des craintes et réprobations qu?elle soulevait, des effets qu?elle a contribué à produire. L?idée de révolution au début du xxie siècle, époque de restauration, de réaction, voire de contre-révolution, de timidité aussi de la part de ceux qui pouvaient s?en réclamer, a décidément mauvaise presse. Des journées d?études furent en 2003 l?occasion de s?interroger sur cette idée et sur les processus qu?elle dénote, à la fois du point de vue historique, politique et social, et du point de vue culturel, scientifique, technique et artistique, d?en préciser la teneur conceptuelle et d?explorer les perspectives dont elle pourrait rester porteuse. Le présent livre constitue le dossier de ces journées : sa lecture permettra de mesurer l?actualité persistante de la réflexion sur l?idée de révolution, que les développements intervenus dans la période la plus récente de notre histoire ont singulièrement renforcée. 517 $aIdée de révolution 517 $aIdée de révolution 517 $aL'idée de révolution 517 $aL?idée de révolution 517 $aL'idée de révolution 517 $aL'idée de révolution 517 $aL'idée de révolution 517 $aL'idée de révolution 517 $aL'idée de révolution 517 $aL'idée de révolution 517 $aL'idée de révolution 517 $aL'idée de révolution 517 $aL'idée de révolution 517 $aL'idée de révolution 517 $aL?idée de révolution  606 $aPhilosophy 606 $arévolution 606 $aépistémologie 606 $autopie 606 $aphilosophie politique 606 $atransformation 606 $aÉtat 606 $ascience 610 $autopie 610 $aphilosophie politique 610 $arévolution 610 $aÉtat 610 $aépistémologie 610 $ascience 610 $atransformation 615 4$aPhilosophy 615 4$arévolution 615 4$aépistémologie 615 4$autopie 615 4$aphilosophie politique 615 4$atransformation 615 4$aÉtat 615 4$ascience 700 $aAgulhon$b Maurice$0133367 701 $aArcoleo$b Santo Alessandro$0539378 701 $aBarot$b Emmanuel$0475548 701 $aBidet$b Jacques$0224342 701 $aBidima$b Jean-Godefroy$0628306 701 $aBloch$b Olivier$0154040 701 $aBonitzer$b Jacques$01299585 701 $aBrunhoff$b Suzanne de$0285062 701 $aChâteau$b Jean-Yves$01314727 701 $aCherni$b Zeïneb Ben Saïd$01314728 701 $aChubilleau$b Emmanuel$01314729 701 $aCléro$b Jean-Pierre$0615336 701 $aCohen-Tannoudji$b Gilles$0457125 701 $aD?Hondt$b Jacques$0159414 701 $aFerrié$b Christian$0388742 701 $aGayon$b Jean$0451716 701 $aGil$b Didier$0689005 701 $aInfanti$b Andrew$01314730 701 $aLabib$b Abdelaziz$01314731 701 $aLacroix$b Jean-Yves$01279299 701 $aMaurel$b Jean$01314732 701 $aMensching$b Günther$0737811 701 $aPuisais$b Éric$01290696 701 $aQuintili$b Paolo$053838 701 $aSalem$b Jean$0322787 701 $aSpallanzani$b Mariafranca$0251892 701 $aStancati$b Claudia$0258767 701 $aTosel$b André$0416786 701 $aVargas$b Yves$0252658 701 $aBloch$b Olivier$0154040 801 0$bFR-FrMaCLE 906 $aBOOK 912 $a9910310642203321 996 $aL?idée de révolution : quelle place lui faire au XXIe siècle$93031912 997 $aUNINA LEADER 02079nam 2200361 450 001 9910774858303321 005 20221206103504.0 035 $a(CKB)3810000000208384 035 $a(EXLCZ)993810000000208384 100 $a20170612c2015uuuu uu 0 101 0 $aeng 135 $auubu#---uu|uu 181 $ctxt$2rdacontent 182 $cn$2rdamedia 183 $anc$2rdacarrier 200 00$aEnrico Fermi's IEEE milestone in Florence $efor his major contribution to semiconductor statistics, 1924-1926 /$fedited by Gianfranco Manes, Giuseppe Pelosi 210 1$aFirenze :$cFirenze University Press,$d2015 215 $a1 online resource (96 pages) $cillustrations; digital, PDF file(s) 225 1 $aI libri de «Il Colle di Galileo» ;$v2 311 08$aPrint version: 9788866558507 330 $aEnrico Fermi, Nobel Laureate in Physics in 1938, taught at the University of Florence just for two academic years (1924-25 and 1925-26). His research activity in these two years saw the publication of the statistics bearing his name (the two original 1926 papers by E. Fermi are reproduced in full in this book), which is at the basis of semiconductors, and hence of modern electronics. This volume is printed for the placement, at the School of Engineering in Florence, of an IEEE Milestone, within the ?IEEE Global History Network program?, commemorating the event. The IEEE (Institute of Electrical and Electronic Engineers) is the largest professional association in the world devoted to advancing technological innovation in electrical, electronic engineering, and related fields. 410 0$aI libri de «Il Colle di Galileo» ;$v2. 606 $aGas dynamics$xMathematical models 606 $aSemiconductors$xStatistical methods 615 0$aGas dynamics$xMathematical models. 615 0$aSemiconductors$xStatistical methods. 702 $aManes$b Gianfranco 702 $aPelosi$b Giuseppe 801 0$bUkMaJRU 906 $aBOOK 912 $a9910774858303321 996 $aEnrico Fermi's IEEE milestone in Florence$92947398 997 $aUNINA